| 000 | 00537cam a2200145 4500500 | ||
|---|---|---|---|
| 005 | 20260322002332.0 | ||
| 041 | _afre | ||
| 042 | _adc | ||
| 100 | 1 | 0 |
_aJay, Emmanuelle _eauthor |
| 245 | 0 | 0 | _aWhat emerges from the force of our fists: Clinical approach to the extreme traumas of migratory journeys via psychoboxing |
| 260 | _c2026. | ||
| 500 | _a35 | ||
| 786 | 0 | _nLe Coq-héron | 263 | 4 | 2026-02-04 | p. 167-177 | 0335-7899 | |
| 856 | 4 | 1 | _uhttps://shs.cairn.info/journal-le-coq-heron-2025-4-page-167?lang=en&redirect-ssocas=7080 |
| 999 |
_c1722449 _d1722449 |
||